000
00327nam a22001337a 4500
008
171004b xxu||||| |||| 00| 0 eng d
020
_a
9780205543724
041
_a
eng
080
_2
6TH
_a
159.9
100
_a
48
101
_a
PSI
245
_a
INTERPERSONAL COMMUNICATION AND HUMAN RELATIONSHIPS
_c
KNAPP,M.L
942
_2
udc
_c
BK
999
_c
31787
_d
31787